00851nam a2200169Ia 4500008004100000082001500041100001500056245004300071250000800114260003200122300000800154942001200162999001500174952016400189952016400353952016400517191201s2019 xx 000 0 und d a621.26 RAF aRATTAN, SS 0aFluid Mechanics and Hydraulic Machines arep bKhanna PublisheraNEW DELHI a735 2ddccBK c8190d8190 00102ddc40708Dip MEaPIETbPIETd2019-05-18eKIRTI PRAKASHAN, NEW DELHIg425.00kIN3913l0o621.26 RAFpDE1357r2019-12-04 00:00:00v310.25w2019-05-18yBK 00102ddc40708Dip MEaPIETbPIETd2019-05-18eKIRTI PRAKASHAN, NEW DELHIg425.00kIN3913l0o621.26 RAFpDE1358r2019-12-04 00:00:00v310.25w2019-05-18yBK 00102ddc40708Dip MEaPIETbPIETd2019-05-18eKIRTI PRAKASHAN, NEW DELHIg425.00kIN3913l0o621.26 RAFpDE1359r2019-12-04 00:00:00v310.25w2019-05-18yBK